000 01201nam a2200253Ia 4500
003 OSt
005 20220923211124.0
006 a|||||r|||| 00| 0
007 ta
008 220922b |||||||| |||| 00| 0 hin d
020 _a81814433912 (hbk)
_c175
024 _a242,035
037 _b523, 10/03/2010, Vani Prakashan
_cTextual
040 _aARTS
_cARTS
_bhin
041 _2hin
_ahin
082 _aV2.N, 152P5
100 _aअनिवेद, शिव नारायण सिंह; जैन, निर्मला, अनु.
_9158470
245 0 _aआधुनिक भारत की द्वंद्व - कथा
_b प्रभुत्व और प्रतिरोध का द्वंद्वात्मक विमर्श
246 _aĀdhunik bhārat kī dvandva - kathā: prabhutva aur pratirodh kā dvandvātmak vimarsha
260 _aनयी दिल्ली
_b वाणी प्रकाशन
_c2005
300 _a138पृ.
_ccm.
942 _hV2.N, 152P5
_cTEXL
_2CC
999 _c295586
_d295586